[Event "Sarajevo Bosnia 32nd"]
[Site "Sarajevo"]
[Date "2002.05.27"]
[Round "6"]
[White "Kozul, Zdenko"]
[Black "Georgiev, Kiril"]
[Result "1/2-1/2"]
[WhiteElo "2595"]
[BlackElo "2654"]
[Annotator "Ribli,Z"]
[PlyCount "108"]
[EventDate "2002.05.22"]
[EventType "tourn"]
[EventRounds "9"]
[EventCountry "BIH"]
[EventCategory "16"]
[SourceTitle "CBM 090"]
[Source "ChessBase"]
[SourceDate "2002.09.20"]
[SourceVersion "1"]
[SourceVersionDate "2002.09.20"]
[SourceQuality "1"]

1. d4 Nf6 2. Nf3 e6 3. c4 d5 4. g3 Be7 5. Bg2 O-O 6. O-O dxc4 {Diese
klassische Variante bleibt immer populär. Schwarz nimmt den c4-Bauern und
wärend Weiß ihn zurück gewinnt, kann Schwarz die Entwicklung (des Damenflügels)
beenden.} 7. Na3 {So wird heutzutage selten gespielt und - ich glaube - das
gibt keine Chancen auf weißen Eröffnungsvorteil.} Bxa3 8. bxa3 Bd7 9. Ne5 Bc6
10. Nxc6 Nxc6 11. Bb2 Qd7 $6 {Dieser Damenzug ist - nach meiner Meinung -
nicht die beste Fortsetzung für Schwarz. Ich glaube, 11...Nd5 gibt
vollwertiges Spiel für Schwarz.} (11... Qd6 12. Rc1 (12. e4 e5 13. d5 Ne7 14.
Qa4 c6 15. Qxc4 cxd5 16. exd5 Nexd5 17. Rad1 Rad8 18. Rfe1 Rfe8 {1/2-1/2
Gasimov,R-Estrada Nieto,J/Paranana 1993/EXT 97 (25)}) 12... b5 (12... b6 13. e4
e5 14. f4 Rad8 15. d5 exf4 16. gxf4 Rfe8 17. Qc2 Nb8 18. Kh1 {1-0 Krasenkow,
M-Madl,I/Balatonbereny 1988/TD (35)}) 13. e4 e5 14. f4 Rad8 15. d5 exf4 16.
gxf4 Rfe8 17. Qc2 Ne7 18. Qf2 Ng4 19. Qg3 f5 {0-1 Alburt,L-Geller,E/New York
1990/CBM 16 ext (58)}) (11... Nd5 $5 12. Rc1 Nb6 13. g4 Qd6 14. e3 Rab8 15. g5
Ne7 16. Qh5 Ned5 17. Rc2 Na4 {1/2-1/2 Kozul,Z-Arlandi,E/Reggio Emilia 1993/EXT
97 (73)}) 12. Qa4 (12. e4 $6 {N} Rad8 13. d5 exd5 14. Bxf6 gxf6 15. exd5 Ne5
16. f4 (16. Qd4 $5) 16... Nd3 17. Rb1 b6 18. Qc2 Qe7 19. a4 Rfe8 20. h4 Qe3+
21. Kh2 Qd4 $17 {Ftacnik. 0-1 Miralles,G-King,D/Luzern 1989/CBM 16/[Ftacnik] 
(32)}) 12... Nxd4 $146 (12... b5 13. Qxb5 Rab8 14. Qxc4 Rxb2 15. Bxc6 Qd6 16.
Bf3 Qxa3 17. Qxc7 Rxa2 18. Qc1 Rxa1 19. Qxa1 Qe7 20. Rb1 $14 {1/2-1/2 Glek,
I-Timoscenko,G/Frunze 1988/TD (32)}) 13. Qxc4 $14 {[%csl Gb2,Gg2] Weiß hat
einen Bauern weniger, aber es hängt der d4N und der b7P. Das weiße Läuferpaar
ist stark, während die geschwächte weiße Bauernstellung (wegen des
Doppelbauern auf der a-Linie) keine große Bedeutung hat.} Rad8 14. Bxb7 (14.
Rfd1 $142 e5 (14... Qb5 15. Qxb5 Nxb5 16. Bxb7 $16) 15. e3 Qe6 16. Qxe6 Nxe6
17. Bxe5 $14 {[%csl Ge5,Gg2]}) 14... c5 $1 {Mit diesem Zug befestigt Schwarz
seine Springerstellung auf d4 und es hängt der b7B.} 15. Bg2 Qb5 16. Qxb5 Nxb5
17. Rfc1 (17. Rfd1 $1 c4 18. a4 c3 19. axb5 cxb2 20. Rab1 Rxd1+ 21. Rxd1 Rc8
22. Bc6 Nd5 23. Rb1 Nb4 24. Rxb2 Nxc6 25. bxc6 Kf8 $14) 17... Rd2 18. Bxf6 gxf6
19. Rxc5 Nxa3 $132 {[%csl Gd2][%cal Ga3c2,Gc2d4,Gd4e2][%mdl 4096]} 20. Ra5 Nc2
21. Rf1 (21. Rb1 Nd4 22. e3 $1 (22. Rxa7 Nxe2+ 23. Kf1 Nc3 24. Ra1 Rb8 $17 {
[%cal Rb8b2,Rb2h2]}) 22... Ne2+ 23. Kf1 Nc3 24. Rc1 $11 (24. Ra1 $2 Rb8 $17 {
[%cal Rb8b2,Rb2h2]})) 21... Rxe2 22. Rxa7 Rd8 23. a4 Rdd2 24. Bf3 Re5 25. Bc6
$6 (25. a5 Nd4 26. Bb7 Ra2 27. a6) 25... Nd4 26. Be8 Kf8 $1 {Das ist die
Pointe! Wenn Weiß auf f7 nimmt, wird sein Läufer eingeschlossen.} 27. Ra8 (27.
Bxf7 Nc6 28. Rc7 (28. Rb7 Nd8 $19 {[%cal Rd8f7,Rd8b7]}) 28... Nd8 {[%csl Rf7]}
(28... Ne7 29. Rb1) 29. Rb1 Nxf7 30. Rb8+ Nd8 $17) 27... Nf3+ (27... Kg7 28.
Ra7 Kf8 {Auf diese Weise kann Schwarz die Züge wiederholen.}) 28. Kh1 (28. Kg2
Ne1+ 29. Kg1 Nf3+ $11) 28... Ke7 29. Bc6 $6 Nd4 30. Bb7 Ra2 $15 {Der weiße
a-Freibauer ist gar nicht stark, weil die schwarzen Figuren gut zentralisiert
sind.} 31. Kg2 f5 32. Rd1 Nc2 {[%cal Rc2e3,Re3d1,Re3g2] Droht 33...Ne3+ mit
Turmgewinn.} (32... Ree2 $2 33. Rxd4 Rxf2+ 34. Kg1 Rfb2 {[%cal Rb2b1,Rb1g1,
Rb2b7]} 35. Bf3 Rb1+ 36. Bd1 (36. Rd1 Rxd1+ 37. Bxd1 Ra1 38. Ra7+ Kd6 39. Rxf7
Rxd1+ $11) 36... e5 37. Ra7+ $16) 33. Kg1 f4 34. Bc6 (34. gxf4 Rf5 $15) 34...
fxg3 35. hxg3 Nb4 36. Rd7+ $1 Kf6 37. Bf3 {[%csl Gf3]} (37. Bb7 Re1+ 38. Kg2
Ree2 $17) 37... Rf5 38. Raa7 Kg7 (38... Rxf3 $2 39. Rxf7+ $18) 39. Bg4 $8 $11 {
[%mdl 256]} Rfxf2 {Schwarz hat eine sehr aktive Turmstellung auf der zweiten
Reihe, aber das ist nicht genug - Weiß kann die Stellung halten.} (39... Rf6
40. f4 $11) 40. Bxe6 Rg2+ 41. Kh1 (41. Kf1 $4 Raf2+ 42. Ke1 Nc2+ 43. Kd1 Rg1#)
41... Rh2+ 42. Kg1 Rag2+ 43. Kf1 Kf6 {Natürlich! Schwarz ist nicht zufrieden
mit dem sofortigen Remis - er bringt seinen König ins Spiel.} 44. Bb3 $1 {
Nun hängt der f7P mit Schach und der b4N kann nicht ins Spiel kommen.} Rxg3 45.
Rxf7+ Ke5 46. Rae7+ Kd4 47. Rf4+ Kc3 48. Rc7+ $5 (48. Rb7 Nd3 49. Rc4+ Kb2 50.
Bc2+ Ka1 $11) 48... Kxb3 49. Rb7 $11 {[%csl Rb4] Eine interessante Stellung -
Schwarz hat eine Figur mehr, aktive Türme, und er hat nicht mehr als Remis.}
Rc3 50. Rbxb4+ Ka3 51. Rbc4 (51. Kg1 $11) 51... Rb3 52. Kg1 $8 Rd2 53. a5 Rb1+
54. Rf1 Rxf1+ 1/2-1/2

[Event "Julian Borowski-A 4th"]
[Site "Essen"]
[Date "2002.05.17"]
[Round "2"]
[White "Kasimdzhanov, Rustam"]
[Black "Lutz, Christopher"]
[Result "1/2-1/2"]
[WhiteElo "2674"]
[BlackElo "2644"]
[Annotator "Ribli,Z"]
[PlyCount "66"]
[EventDate "2002.05.16"]
[EventType "tourn"]
[EventRounds "9"]
[EventCountry "GER"]
[EventCategory "16"]
[SourceTitle "CBM 090"]
[Source "ChessBase"]
[SourceDate "2002.09.20"]
[SourceVersion "1"]
[SourceVersionDate "2002.09.20"]
[SourceQuality "1"]

1. d4 Nf6 2. c4 e6 3. g3 d5 4. Bg2 Be7 5. Nf3 O-O 6. O-O dxc4 7. Qc2 a6 8. Qxc4
{Heutzutage ist in der Großmeisterpraxis die Fortsetzung 8.a4 populärer.} b5 9.
Qc2 Bb7 10. Bd2 {Die anderen Läuferzüge - 10.Bg5 und 10.Bf4 - sind auch
spielbar. Mit dem Textzug möchte Weiß in einigen Varianten Ba5 ziehen.} Be4 {
Das Feld e4 hat große Bedeutung in dieser Variante. Jetzt kontrolliert Schwarz
dieses Zentrumsfeld sehr stark.} (10... Nc6) 11. Qc1 Nbd7 (11... Bb7) 12. Ba5
Rc8 13. Nbd2 {Das ist die weiße Abweichung von der früheren Partie derselben
Spieler. Dort hat Weiß nach 13.Nc3 letzlich die Partie gewonnen (nach der
Eröffnung war die Stellung gleich), aber der Springerszug nach d2 scheint mir
trotzdem logischer.} (13. Nc3 Bxf3 (13... Ba8) (13... Bb7) 14. Bxf3 Nb6 15.
Bxb6 cxb6 {[%cal Gc8c1,Rd8d4]} 16. Qe3 (16. Qd2) 16... b4 17. Ne4 Nxe4 (17...
Nd5 $11) 18. Bxe4 Rc7 19. Rfd1 (19. Rac1) 19... g6 20. Rac1 Bg5 21. f4 Bf6 22.
Rxc7 Qxc7 23. Qd3 b5 24. e3 Qc4 $6 {1-0 Kasimdzhanov,R-Lutz,C/Batumi 2001/CBM
86/[Ribli] (62)} (24... Rc8 $5 $11)) 13... Ba8 14. Re1 {Weiß will 15.e2-e4
spielen, mit Zentrumsvorteil.} (14. Nb3 Nb8 {Dieses Motiv ist typisch in
dieser Variante - Schwarz möchte den a5-Läufer mit Nc6 verjagen. Aber dieser
Springerzug ist logischer, wenn Weiß schon b2-b4 gespielt hat.} 15. Rd1 Bd5 16.
Bd2 Nbd7 17. Nc5 Nxc5 18. dxc5 Qe8 19. Be3 b4 20. a3 a5 21. axb4 axb4 22. Nd4 {
1/2-1/2 Fominyh,A-Zhang Zhong/Ubeda ESP 2001/(69)}) (14. Qc2 Qe8 15. b4 Nd5 16.
a3 f5 17. Rac1 Qh5 18. Rfe1 N5f6 19. Ne5 $1 Nxe5 20. dxe5 Ng4 21. h3 Bxg2 22.
Kxg2 Nxe5 23. Qa2 Qf7 {1/2-1/2 Andersson,U-Lutz,C/Pamplona 1997/Inf 71/[Lutz,
Ch] (79)}) 14... Qe8 {Das ist ein typisches Motiv - Schwarz bereitet den
Ausgleichszug c7-c5 vor und später (nach eventuellem f7-f5) kann die Dame nach
h5 kommen.} (14... Ne4 15. Nxe4 Bxe4 16. Qe3 Nf6 17. Rec1 Qd6 18. a3 c5 19.
Rxc5 $1 Rxc5 20. Bb4 {1-0 Suba,M-Garcia Vicente,N/Las Palmas 1995/EXT 98 (35)})
(14... Nb8 15. a3 Ne4 16. Nxe4 Bxe4 17. Qf4 f5 18. Bb4 Nc6 19. Bxe7 Qxe7 20.
Rac1 Qd6 21. e3 h6 22. h4 Ne7 23. Qe5 Nc6 24. Qc5 {1-0 Nielsen,P-Yu Shaoteng/
Cappelle la Grande 2001/CBM 80 ext (48)}) 15. b4 (15. e4 $2 c5 $15) 15... Ne4 {
Dieser Zug ist logisch - Schwarz verhindert e2-e4.} (15... Nb8 16. Ne5 Bxg2 17.
Kxg2 $14) 16. a4 {Das ist die Abweichung von der klassischen Partie
Polugaevsky-Geller/Moscow 1985, in der Weiß nach dem Springertausch keinen
Vorteil erreichen konnte. Mit dem Textzug öffnet Weiß die a-Linie, aber sein
a5B steht immer etwas passiv.} (16. Nxe4 Bxe4 17. Qf4 (17. Qe3) 17... f5 18.
Rac1 Bd6 19. Ne5 Bxg2 20. Kxg2 Nf6 21. Qf3 Nd5 22. a3 {1/2-1/2 Polugaevsky,
L-Geller,E/Moskva 1985/Inf 39 (22)}) 16... f5 $11 {[%csl Ra5,Ge4][%cal Ge8h5]
[%mdl 32] Mit diesem Zug verstärkt Schwarz seine Kontrolle über das Feld e4.
Weiß hat positionellen Druck am Damenflügel, aber sein a5B ist eingeschlossen.}
(16... bxa4 $5 {Dieser Zug ist etwa unnatürlich, da Schwarz seine
Bauernstellung schwächt, aber er bekommt Gegenchancen am Damenflügel.} 17. Nxe4
(17. Rxa4 Nxd2 18. Qxd2 Ne5 $15) 17... Bxe4 18. Rxa4 Nb6 $11) 17. axb5 axb5 18.
e3 (18. Nb3 $11 {[%cal Gb3c5]}) 18... Bd6 (18... Bd5 19. Nxe4 Bxe4 $11) 19. Ra2
$6 {[%cal Ga2c2,Gc2c7]} (19. Nb3) 19... Bd5 {Natürlich befreit Schwarz zuerst 
(mit Tempo) seinen weißfeldrigen Läufer, und später kann er c7-c6 ziehen.} 20.
Rc2 c6 {[%csl Gd5,Gd6,Ge4] Schwarz hat starke Kontrolle über das Zentrum,
währends es ist nicht leicht für Weiß ist, seinen a5-Läufer zu befreien.} 21.
Nxe4 Bxe4 $15 {Schwarz hat eine sehr bequeme Stellung - sein e4B steht
ausgezeichnet - in der "katalanische" Diagonale!} 22. Rb2 Qe7 {[%cal Gd7f6,
Gf6d5] Schwarz hat verschiedene gute Möglichkeiten - mit dem Partiezug
verbessert er seine Damenstellung und Weiß muss immer den b4-Bauern
verteidigen. Der andere mögliche Spielplan ist e6-e5.} (22... e5 $15) 23. Nd2 {
Weiß muss den starken Läufer e4 tauschen.} Bxg2 24. Kxg2 e5 {Die schwarze
positionelle Drohung ist entweder 25...exd4 26.exd4 Qf7 (und Weiß muss mit dem
isolierten Bauern d4 spielen) oder 25...e4 mit Raumvorteil.} 25. Rc2 $5 {
[%cal Gc1c6] Weiß beschäftigt sich nicht mit der Verteidigung des Bauern b4,
er möchte im Trüben fischen. In der praktische Partie ist das eine gute
Entscheidung - Weiß opfert einen Bauern für etwas Gegenspiel.} (25. dxe5 Nxe5
$15 {[%csl Yc4,Yd3,Yd5,Ye4,Yf3] Die weißfeldrigen Punkten sind schwach in der
Stellung des Anziehenden.}) 25... Bxb4 26. Bxb4 Qxb4 {[%mdl 1024] Weiß hat
keine (ausreichende) Kompensation für den Bauern, aber es ist nicht leicht für
Schwarz seine Bauernmehrheit am Königsflügel zu mobilisieren.} 27. Rd1 {
Weiß verteidigt zuerst den Springer d2, jetzt hängt schon der c6P.} (27. Rxc6
$4 Rxc6 28. Qxc6 Qxd2 $19) 27... exd4 28. Rxc6 (28. exd4 Qd6 $17 (28... Qxd4 $6
29. Nf3 Qa7 30. Rxc6 $132)) 28... Rxc6 29. Qxc6 dxe3 30. Nf3 (30. Qxd7 exd2 31.
Rxd2 Qe4+ $17) 30... Nf6 31. Qe6+ Kh8 32. Qxe3 {Das Material ist reduziert und
der schwarze b5-Plusbauer ist nicht besonders stark, weil die schwarze
Königsstellung ein wenig geschwächt ist.} Ne4 $6 (32... Re8 33. Qb6 $132) 33.
Qb6 $132 {[%csl Gb6]} Qe7 (33... Qe7 34. Qxb5 $11) 1/2-1/2

[Event "Candidates Tournament Gp1"]
[Site "Dortmund"]
[Date "2002.07.08"]
[Round "3"]
[White "Gelfand, Boris"]
[Black "Lutz, Christopher"]
[Result "1-0"]
[WhiteElo "2710"]
[BlackElo "2650"]
[Annotator "Ribli,Z"]
[PlyCount "73"]
[EventDate "2002.07.06"]
[EventType "tourn"]
[EventRounds "6"]
[EventCountry "GER"]
[EventCategory "18"]
[SourceTitle "CBM 090"]
[Source "ChessBase"]
[SourceDate "2002.09.20"]
[SourceVersion "1"]
[SourceVersionDate "2002.09.20"]
[SourceQuality "1"]

1. d4 Nf6 2. c4 e6 3. g3 d5 4. Bg2 Be7 5. Nf3 O-O 6. O-O dxc4 7. Qc2 a6 8. Qxc4
b5 9. Qc2 Bb7 10. Bd2 Be4 11. Qc1 Nbd7 12. Ba5 Rc8 13. Nbd2 Ba8 14. Qc2 {
Mit diesem logischem Damezug bereitet Weiß den Zug e2-e4 vor.} Qe8 {Die Dame
verschwindet aus dem Wirkungskreis des Läufers a5; es soll c7-c5 folgen - mit
vollem Ausgleich.} (14... Nb8 {Dieser Springerzug kommt auch in Betracht -
Schwarz bereitet den Zug 15...Nc6 vor, um den Läufer a5 zu vertreiben.} 15. a3
$1 (15. Nb3 Be4 $5 (15... Nc6) 16. Qd2 (16. Qc1 $6 Nc6 17. Bd2 (17. Rd1 Nxa5
18. Nxa5 c5 $17) 17... Bxf3 18. Bxf3 Nxd4 19. Nxd4 Qxd4 20. Bb7 Rcd8 21. Be3
Qd6 $17) 16... Nc6 {[%csl Ra5]} 17. Rfc1 b4 {[%csl Ra5][%cal Gd8d5,Gd5a5]} 18.
Rxc6 Bxc6 19. Bxb4 Bxb4 20. Qxb4 Qd6 21. Qa5 {[%csl Ra6][%cal Ra5a6]} Bd5 {
[%csl Gd5]} 22. Rc1 {[%cal Gc1c7]} Qb6 23. Nfd2 Rb8 24. Qc5 a5 $1 $15 {1/2-1/2
Nielsen,P-Polgar,J/Las Vegas 1999/CBM 72/[Ribli] (58)}) 15... Nc6 16. Bc3 b4
17. axb4 Nxb4 18. Qa4 $14 (18. Qb1 $14)) 15. b4 Nd5 (15... Bd6 16. a4 e5 17. e3
h6 18. axb5 axb5 19. dxe5 Nxe5 20. Nd4 Bxg2 21. Kxg2 c5 22. bxc5 Bxc5 23. Qf5
Bxd4 24. exd4 Nc4 25. Rfb1 {1/2-1/2 Disconzi da Silva,R-Van Riemsdijk,H/Sao
Paulo 1997/EXT 2001 (25)}) (15... Nb8 $5 {Nach meiner Meinung ist dieser
Springerzug logisch, wenn b2-b4 schon gespielt wurde.} 16. a3 Nc6 17. Nb3 Bd6
18. Rac1 e5 19. e3 Nxa5 20. Nxa5 e4 21. Nd2 Bd5 22. Nb1 c6 23. Bh3 Rc7 24. Nc3
Qe7 {1/2-1/2 Harikrishna,P-Beliavsky,A/Moscow 2001/CBM 86 (33)}) 16. a3 f5 17.
Rae1 $1 $146 {[%cal Ge2e4][%mdl 8] Eine wichtige theoretische Neuerung,
interessant, dass dieser logische Turmzug noch nie zuvor gespielt wurde. Weiß
möchte einfach e2-e4 spielen, wonach der schwarze e6P schwach wird.} (17. e3
Qh5 18. Rac1 Bd6 19. Qd1 Qh6 20. Qe2 N7f6 21. Rfd1 (21. Rfe1 Ne4 (21... Ne7 $5)
22. Nxe4 fxe4 23. Ne5 Ne7 24. a4 bxa4 25. Nc4 $36 {1-0 Budnikov,A-King,D/
London 1993/TD (35)}) 21... Ne7 22. Ne1 Bd5 23. Nd3 Ne4 24. Nxe4 fxe4 25. Nc5
Bxc5 26. Rxc5 c6 {0-1 Galdunts,S-Vaganian,R/Moscow 1991/TD (36)}) (17. Rac1 Qh5
18. Rfe1 N5f6 19. Ne5 $5 Nxe5 20. dxe5 Ng4 21. h3 Bxg2 22. Kxg2 Nxe5 23. Qa2
Qf7 24. Bxc7 Ng6 {1/2-1/2 Andersson,U-Lutz,C/Pamplona 1997/CBM 63 (79)} (24...
Bf6 $11)) 17... Qg6 (17... Qh5 $5 18. e4 fxe4 19. Rxe4 (19. Nxe4 $2 Rxf3 20.
Qe2 Rf5 $1 (20... Rcf8 21. Nd2 R3f5 22. Qxe6+ R5f7 23. Qxd7 Bxb4 $17) 21. g4
Qh4 22. gxf5 Nf4 23. Qe3 Nxg2 24. Kxg2 exf5 $19 {[%csl Rg2][%cal Ra8g2]}) (19.
Qxe4 $2 Nf4 $36) 19... Qf5 20. Qb3 Rce8 21. Rfe1 Bd6 22. R4e2 $14) 18. e4 fxe4
19. Qxe4 $1 $14 {[%csl Re6] Der a5B steht zwar unglücklich, aber der e6P ist
eine klare Schwäche in der schwarzen Stellung.} (19. Rxe4 $2 N5b6 $17) (19.
Nxe4) 19... Rf6 (19... Qxe4 20. Rxe4 Rf6 21. Rfe1 Nf8 22. Ne5 $14 {[%csl Ge5]})
20. Qxg6 Rxg6 21. Ne4 {[%csl Yc5,Rg6][%cal Ge4c5] Der e4N strebt nach c5. Der
g6R steht sehr passiv.} Rf8 22. h4 $1 {Mit diesem Zug bereitet Weiß 23.Nfg5 
(oder 23.Neg5) vor; außerdem kann mit 23.h5 der g6-Turm verjagt werden.} (22.
Nc5 Bxc5 (22... Nxc5 23. dxc5 Nf4 24. Ne5 Nxg2 25. Nxg6 hxg6 26. Rxe6 $16) 23.
dxc5 Nf4 24. Nh4 Nxg2 25. Nxg2 $14 (25. Nxg6 Nxe1 26. Nxf8 (26. Rxe1 hxg6 27.
Rxe6 Bd5 $17) 26... Nf3+ $17)) 22... Bd6 23. h5 (23. Nfg5 Re8 24. Nc5 $16 (24.
f4 $16)) 23... Rh6 24. Nc5 {[%csl Gc5][%cal Re1e6] Weiß hat eine aktive
Stellung, während Schwarz große Schwerigkeiten hat - der e6P ist sehr schwach
und er hat kein Gegenspiel.} N5b6 (24... N7b6 25. Nxe6 Rff6 26. Nfg5 Rxh5 27.
f4 $16) 25. Ng5 $16 Bxg2 (25... e5 26. Bxb6 Nxb6 27. dxe5 $16) 26. Kxg2 Rxh5 (
26... e5 27. Bxb6 Nxb6 28. dxe5 $16) 27. Ngxe6 {[%csl Gc5,Ge1,Ge6][%mdl 2048]
Weiß hat schönes Figurenspiel - endlich kommt der a5B auch ins Spiel.} Rc8 28.
Nxd7 (28. Bxb6 Nxb6 29. Nxa6 $16) 28... Nxd7 29. Rc1 {[%csl Rc7]} c6 30. Rfe1 (
30. Nd8 Nb8 31. Rfe1 h6) 30... Rd5 (30... h6) 31. Nd8 Rxd4 $2 {Dieser
Bauerngewinn verliert, aber guter Rat ist schon teuer.} (31... Nb8 32. Re8+ Bf8
33. f4 $16 Rxd4 $2 34. Rxf8+ Kxf8 35. Ne6+ $18 {[%cal Re6d4,Re6f8]}) 32. Red1 {
[%cal Rd1d7] Schwarz hat einen Bauern mehr, aber es droht Figurenverlust auf
der d-Linie.} Be5 33. Rxd4 Bxd4 34. Rd1 $18 {[%csl Rd4,Rd7]} c5 35. bxc5 Nxc5
36. Rxd4 Nb3 37. Re4 $1 (37. Re4 $1 Nxa5 38. Re8#) 1-0

[Event "FIDE World Cup-D"]
[Site "Hyderabad"]
[Date "2002.10.12"]
[Round "3"]
[White "Harikrishna, Pentala"]
[Black "Short, Nigel D"]
[Result "0-1"]
[WhiteElo "2551"]
[BlackElo "2684"]
[Annotator "Ribli,Z"]
[PlyCount "86"]
[EventDate "2002.10.05"]
[EventType "tourn"]
[EventRounds "5"]
[EventCountry "IND"]
[EventCategory "15"]
[SourceTitle "CBM 092"]
[Source "ChessBase"]
[SourceDate "2003.02.06"]
[SourceVersion "1"]
[SourceVersionDate "2003.02.06"]
[SourceQuality "1"]

1. d4 Nf6 2. c4 e6 3. Nf3 d5 4. g3 Be7 5. Bg2 O-O 6. O-O dxc4 {Das ist die
sogenannte Klassische Variante der Katalanischen Verteidigung. Schwarz nimmt
den Bauern und waehrend Weiss diesen zurueckgewinnt, kann er die Entwicklung
des Damenfluegels beenden.} 7. Qc2 a6 8. Qxc4 (8. a4 {Heutzutage ist diese
Fortsetzung ist populärer als die sofortige Annahme des Bauern.}) 8... b5 9.
Qc2 Bb7 10. Bd2 {Dieser Lauferzug ist ebenso stark, wie die Alternativen 10.
Bg5, oder 10.Bf4.} Ra7 {Der Turmzug scheint mir ein wenig sonderbar. Die
Alternativen sind 10...Nc6, oder 10...Be4.} 11. Rd1 (11. Rc1 Be4 12. Qd1 (12.
Qb3 Nc6 13. e3 b4 14. Be1 Bd5 15. Qd1 Qa8 16. Nbd2 {1/2-1/2 Pieper Emden,
C-Flear,G/Buende 1985/EXT 2001 (16)}) 12... Nbd7 13. Ba5 Qb8 14. Nbd2 Bd5 15.
Qe1 c5 16. e4 Ba8 17. Qe2 Rc8 {1-0 Smejkal,J-Brueckner,T/Berlin West 1984/MCD 
(52)}) 11... Qc8 {[%cal Gc7c5]} (11... Nbd7 12. Ba5 Qb8 (12... Qc8 13. b4 Qa8
14. Nbd2 Nb6 15. Rac1 Ne4 16. Ne5 Nxd2 17. Bxb7 Qxb7 18. Rxd2 Bd6 19. Bxb6 cxb6
20. Nc6 {1/2-1/2 Marin,M-Hergott,D/Sitges 1993/EXT 98 (66)}) 13. b4 Be4 14. Qc1
Bd6 15. Nc3 Bxf3 16. Bxf3 Nb6 17. a4 Nc4 18. axb5 axb5 19. Bc6 Nxa5 20. bxa5
Bb4 21. a6 Qb6 22. Bb7 {1-0 Palatnik,S-Tolnai,T/Voronez 1987/EXT 97 (67)}) 12.
Bg5 (12. Nc3 c5 (12... b4 13. Na4 Be4 14. Qc1 Nbd7 15. Nc5 Nxc5 16. dxc5 $14)
13. dxc5 Bxc5 14. Rac1 $14) (12. Bf4 $5) 12... c5 13. dxc5 $6 {[%mdl 16384]
Nach diesem Zug befindet sich Weiss - wegen seiner Damenstellung auf der c-
Linie - in Not. Es waere viel besser den Bauern auf c5 zu lassen.} (13. Bxf6
gxf6 14. dxc5 Bxc5 15. e3 $11) (13. Nc3) 13... Bxc5 {[%csl Rc2][%cal Gc8c2]
Jetzt droht 14...Bxf2+. Schwarz hat sehr bequeme Stellung.} (13... Qxc5 $6 14.
Qxc5 Bxc5 15. Nbd2 {[%cal Gd2b3]} Nbd7 $11) 14. Rc1 {Wenn Weiss nach 11.Rd1
den Zug 14.Rc1 spielen muss, bedeutet das, dass Weiss vorher nicht immer den
besten Zug gefunden haben kann.} (14. Nc3 $2 b4 $19 {[%cal Gc8c2]}) 14... Ne4
$15 {Droht 15...Bxf2+ und Schwarz kann sich nach Nxg5 den Läuferpaar
verschaffen.} 15. Be3 Bxe3 16. fxe3 {Die Bauern auf e2 und e3 sind schlecht -
Schwarz hat Positionsvorteil.} Nd7 17. Qxc8 (17. Nbd2 Qa8 $15 (17... Ra8 $2 18.
Qxe4 $16)) 17... Rxc8 18. Nbd2 (18. Rxc8+ $6 Bxc8 19. Nbd2 Nxd2 20. Nxd2 Rc7
$17 {[%csl Gc7][%cal Gc7c1]}) 18... Raa8 19. Ng5 (19. Nxe4 Bxe4 20. Nd4 Bxg2
21. Kxg2 Kf8 $15) 19... Nec5 20. Rc2 {[%cal Ga1c1,Gc1c8]} (20. b4 Bxg2 21. Kxg2
Na4 $15) 20... h6 $17 21. Rac1 (21. Ngf3 Na4 22. Rac1 Nxb2 23. Rc7 Nb6 $17) (
21. Bxb7 Nxb7 $17) 21... Bxg2 (21... hxg5 $4 22. Bxb7 $18) 22. Kxg2 hxg5 23.
Ne4 Nxe4 24. Rxc8+ Rxc8 25. Rxc8+ Kh7 {[%csl Gd7,Ge4][%mdl 4096] Schwarz hat
Materialvorteil - er hat zwei wirksame Springer gegen den Turm.} 26. Ra8 Ndc5 (
26... Nec5 27. Ra7 b4 $17) 27. b4 Na4 28. Rxa6 Nec3 {[%csl Ga4,Gb5,Gc3] Alles
ist verteidigt in der schwarzen Stellung. Jetzt haengen Bauern auf e2 und a2.}
29. Ra5 (29. a3 g4 $17 (29... Nxe2 $4 30. Rxa4 bxa4 31. b5 $18 {[%csl Gb5,Re2]}
)) 29... g4 {Schwarz nimmt ( natuerlich) nicht auf e2, sondern gewinnt Raum am
Koenigsfluegel.} (29... Nxe2 $4 30. Rxa4 bxa4 31. b5 $18) 30. h3 gxh3+ 31. Kxh3
Kg6 {[%csl Gg6][%cal Gg6f5,Gf5e4]} 32. Kg4 f5+ 33. Kf3 Kf6 34. a3 g5 (34... Ke5
$19) 35. g4 Nb2 36. Ra8 (36. e4 fxe4+ 37. Kf2 Ke5 $19) 36... Nc4 {[%cal Rc4e5,
Re5f3,Re5g4]} 37. gxf5 exf5 38. Rf8+ Ke6 39. Rc8 g4+ $19 40. Kg3 (40. Kf2 Ne4+
41. Kg1 Nxa3 $19 (41... Nxe3 $19)) 40... Nxe2+ 41. Kh4 Kd7 42. Rc5 g3 43. Kh3
Nxe3 0-1